000 00653nam a2200181Ia 4500
008 090123s9999 xx 000 0 und d
082 _b3730
100 _aवाडेद रघुनाथ गंगाधर
245 _aश्रीविद्यारण्य पंचदशी
250 _a1
260 _c1974
300 _a492
600 _aवाडेद रघुनाथ गंगाधर
630 _aश्रीविद्यारण्य पंचदशी
700 _aवाडेद रघुनाथ गंगाधर
730 _aश्रीविद्यारण्य पंचदशी
942 _cBOOK
999 _c41809
_d41809